00218nam a2200085Ia 450000500170000000800410001724500470005826000100010599900170011520250523150954.0250523s9999 xx 000 0 und d 0aKüçük Dev Muncle TroggcJanet Foxley bALTIN c11921d11921